00929nam a22002297a 4500999001700000003000900017008004100026040007100067082001800138100002700156245002600183260004000209300002700249505018800276650002900464650002800493650001800521700002600539942001600565945002000581952009800601 c14414d14414AR-CdUCM190423b ||||| |||| 00| 0 spa d aMUNICIPALIDAD PROVINCIAL DEL CUSCOcBIBLIOTECA MUNICIPAL DEL CUSCO a985.61 /bV39 aVera Alatrista, Carlos aInti raymi 85 Cusco / aCusco :bOffset graphicolor,c1985. a31 páginas ;c15 cm. aContenido : Suma y compendio de la historia del Cusco -- El papel de las nacionalidades en la forja de la nación peruana -- Programa general de las festividades del Cusco - 1985 ... aFiestas del Cusco913258 aPrograma general933174 aHistoria9136 aVargas, Walter933175 2ddccLIBROS arahd23/04/2019 002ddc4070aSHbSHcCARTd2019-04-23g30.00o985.61 / V39pSH0000010918r2019-04-23yLIBROS